书目信息 |
| 题名: |
日本的细节
|
|
| 作者: | 刘正民, 编著 | |
| 分册: | ||
| 出版信息: | 上海 华东师范大学出版社 2017.11 |
|
| 页数: | 347页, [8] 页图版 | |
| 开本: | 22cm | |
| 丛书名: | ||
| 单 册: | ||
| 中图分类: | G131.32 | |
| 科图分类: | ||
| 主题词: | 文化研究--wen hua yan jiu--日本 | |
| 电子资源: | ||
| ISBN: | 978-7-5675-7000-9 | |
| 000 | 01097nam0 2200253 450 | |
| 001 | CAL 0120172357356 | |
| 005 | 20171225155110.8 | |
| 010 | @a978-7-5675-7000-9@b@dCNY45.00 | |
| 100 | @a20171222d2017 em y0chiy50 ea | |
| 101 | 0 | @achi |
| 102 | @aCN@b310000 | |
| 105 | @aaf z 000yy | |
| 106 | @ar | |
| 200 | 1 | @a日本的细节@Ari ben de xi jie@f刘正民编著@g |
| 210 | @a上海@c华东师范大学出版社@d2017.11 | |
| 215 | @a347页, [8] 页图版@c图@d22cm | |
| 314 | @a刘正民, 1954年出生于上海, 华东师范大学中国文学专业本科、复旦大学高级工商管理硕士 (EMBA) 毕业, 高级经济师。因工作的原因, 在日本生活了8年, 深入了解日本的方方面面。从1978年起, 陆续出版或合作出版专著《青年: 超越自我的思考》、《激动的时代》、《日本纵横》等作品。 | |
| 330 | @a本书深入了解日本社会方方面面, 用轻松有趣的独特方式讲透日本的文化、地理、教育、政治、宗教、文学、饮食、旅游……翻开本书, 您将快速了解日本的细节! | |
| 606 | 0 | @a文化研究@Awen hua yan jiu@y日本 |
| 690 | @aG131.32@v5 | |
| 701 | 0 | @a刘正民,@Aliu zheng min@f1954-@4编著 |
| 801 | 0 | @aCN@b人天书店@c20171222@g |
| 905 | @aBZT@dG131.32@e1 | |
| 906 | @dCNY45.00@n3@r1 | |
| 日本的细节/刘正民编著.-上海:华东师范大学出版社,2017.11 |
| 347页, [8] 页图版:图;22cm |
| ISBN 978-7-5675-7000-9:CNY45.00 |
| 本书深入了解日本社会方方面面, 用轻松有趣的独特方式讲透日本的文化、地理、教育、政治、宗教、文学、饮食、旅游……翻开本书, 您将快速了解日本的细节! |
| ● |
| 相关链接 |
|
|
|
正题名:日本的细节
索取号:G131.32/1
 
预约/预借
| 序号 | 登录号 | 条形码 | 馆藏地/架位号 | 状态 | 备注 |
| 1 | 850487 | 2000850487 | 第二书库/ [索取号:G131.32/1] | 在馆 | |
| 2 | 850488 | 2000850488 | 第二书库/ [索取号:G131.32/1] | 在馆 | |
| 3 | 850489 | 2000850489 | 第二书库/ [索取号:G131.32/1] | 在馆 |